| 000 | 00376nam a2200097Ia 4500 | ||
|---|---|---|---|
| 008 | 180130s9999 xx 000 0 und d | ||
| 245 |
_cSchwadel, Philip _aRace, class, congregational embeddedness, and civic and political participation |
||
| 260 | _c2013 | ||
| 300 | _aBook title: Religion, work and inequality--Acession number C17314; pages 253-280 | ||
| 650 | _aSOCIOLOGY OF WORK | ||
| 999 |
_c354532 _d354532 |
||